000 00757cam a22002773a 4500
001 32416
003 PGUSA
005 20140828083713.0
008 100518s2010||||xxu|||||s|||||000 1 eng d
040 _aPGUSA
_beng
042 _adc
050 4 _aPS
100 1 _aMiller, Walter M.,
_d1923-1996
245 1 0 _aWay of a Rebel
_h[electronic resource] /
_cWalter M. Miller
260 _bProject Gutenberg,
_c2010
506 _aPublic domain in the USA.
516 _aElectronic text
653 _aWar stories
653 _aSubmarines (Ships) -- Fiction
653 _aShort stories
653 _aScience fiction
700 1 _aPalais, Rudolph
830 0 _aProject Gutenberg
_v32416
856 4 0 _uhttp://www.gutenberg.org/ebooks/32416
942 _cEB
999 _c261671
_d261671